<?xml version="1.0" encoding="UTF-8"?><?xml-stylesheet type="text/xsl" href="static/style.xsl"?><OAI-PMH xmlns="http://www.openarchives.org/OAI/2.0/" xmlns:xsi="http://www.w3.org/2001/XMLSchema-instance" xsi:schemaLocation="http://www.openarchives.org/OAI/2.0/ http://www.openarchives.org/OAI/2.0/OAI-PMH.xsd"><responseDate>2026-06-01T04:36:24Z</responseDate><request verb="GetRecord" identifier="oai:riuma.uma.es:10630/33176" metadataPrefix="marc">https://riuma.uma.es/rest/oai/request</request><GetRecord><record><header><identifier>oai:riuma.uma.es:10630/33176</identifier><datestamp>2026-02-03T11:27:25Z</datestamp><setSpec>com_10630_2254</setSpec><setSpec>col_10630_37953</setSpec></header><metadata><record xmlns="http://www.loc.gov/MARC21/slim" xmlns:dcterms="http://purl.org/dc/terms/" xmlns:doc="http://www.lyncode.com/xoai" xmlns:xsi="http://www.w3.org/2001/XMLSchema-instance" xsi:schemaLocation="http://www.loc.gov/MARC21/slim http://www.loc.gov/standards/marcxml/schema/MARC21slim.xsd">
   <leader>00925njm 22002777a 4500</leader>
   <datafield ind2=" " ind1=" " tag="042">
      <subfield code="a">dc</subfield>
   </datafield>
   <datafield ind2=" " ind1=" " tag="720">
      <subfield code="a">Ordóñez-Casado, María Iluminada</subfield>
      <subfield code="e">author</subfield>
   </datafield>
   <datafield ind2=" " ind1=" " tag="260">
      <subfield code="c">2019</subfield>
   </datafield>
   <datafield ind2=" " ind1=" " tag="520">
      <subfield code="a">En una sociedad envejecida, y con una creciente implantación, en las empresas, de nuevas tecnologías que dificultan la adaptación de los más mayores, nos encontramos con un número relativamente alto de trabajadores maduros que se ven expulsados del mercado laboral, llegando frecuentemente a convertirse en parados de larga duración. De las prestaciones que han servido como principal sostén de las políticas pasivas de empleo de los trabajadores maduros, vamos a centrarnos en la protección por desempleo, analizando cada una de las posibilidades que podría tener un trabajador maduro en caso de pérdida de empleo para ver cubiertas sus necesidades y comprobar si realmente es efectiva para dar cobertura a este colectivo.</subfield>
   </datafield>
   <datafield ind1="8" ind2=" " tag="024">
      <subfield code="a">2173-6812</subfield>
   </datafield>
   <datafield ind1="8" ind2=" " tag="024">
      <subfield code="a">https://hdl.handle.net/10630/33176</subfield>
   </datafield>
   <datafield tag="653" ind2=" " ind1=" ">
      <subfield code="a">Subsidio de desempleo</subfield>
   </datafield>
   <datafield ind2="0" ind1="0" tag="245">
      <subfield code="a">El recurso a la protección por desempleo de la Seguridad Social por los trabajadores maduros en caso de pérdida de empleo</subfield>
   </datafield>
</record>
</metadata></record></GetRecord></OAI-PMH>